| 000 | 01021nam a22003495a 4500 | ||
|---|---|---|---|
| 999 |
_c3273 _d233777 |
||
| 001 | 002920 | ||
| 003 | armpunfd | ||
| 005 | 20190409174030.0 | ||
| 008 | 140902s1972####ag############000#0#und#d | ||
| 080 | _a347.7 F 734 | ||
| 100 | 1 | _aFontanarosa, Rodolfo O. | |
| 245 | 1 | 0 |
_aDerecho Comercial Argentino : _b(Parte General) / |
| 250 | _a4ª Ed. Rev y Am- | ||
| 260 |
_aBuenos Aires : _bZavalia, _c1972. |
||
| 300 | _aT 1: 621 P. ; V 2: 161 P. | ||
| 650 | 7 |
_aActos de Comercio _2LEMB |
|
| 650 | 7 |
_aAgentes Auxiliares de Comercio _2LEMB |
|
| 650 | 7 |
_aBolsas de Comercio _2LEMB |
|
| 650 | 7 |
_aClausula Penal _2LEMB |
|
| 650 | 7 |
_acontrato comercial _2LEMB |
|
| 650 | 7 |
_acontratos de adhesion _2LEMB |
|
| 650 | 7 |
_acontratos de comercio _2LEMB |
|
| 650 | 7 |
_aderecho comercial _2LEMB |
|
| 650 | 7 |
_aobligaciones de comerciantes _2LEMB |
|
| 650 | 7 |
_apescripcion _2LEMB |
|
| 650 | 7 |
_aPrueba _2LEMB |
|
| 650 | 7 |
_aSeña _2LEMB |
|
| 651 | _2LEMB | ||
| 945 | _d2014-09-02 | ||
| 945 |
_acd _d2014-09-02 |
||